Valtioiden väkirikkaammat puolet - itä vai länsi? - Statistics

Yleistilastot
  • Tätä visaa on pelattu 888 kertaa
  • Keskiarvotulos 12 / 15
Vastaustilastot
Kysymys Vastaus % Oikein
Kiina Itä
91%
Venäjä Länsi
91%
Senegal Länsi
86%
Brasilia Itä
85%
Portugali Länsi
85%
Saksa Länsi
84%
Turkki Länsi
84%
Australia Itä
82%
Argentiina Itä
80%
Peru Länsi
79%
Yhdysvallat Itä
78%
Tanska Itä
78%
Irlanti Itä
74%
Pakistan Itä
69%
Syyria Länsi
66%
Ehtoja vastaavia visoja ei löytynyt
Tulosjakauma
Jokaisen tuloksen saaneiden osuus
Persentiili vastausten määrän mukaan
Tuloshistoriasi
Et ole pelannut tätä visaa